Fire safety (Record no. 106974)

MARC details
000 -LEADER
fixed length control field 01094cam a22002175a 4500
001 - CONTROL NUMBER
control field L138022
008 - FIXED-LENGTH DATA ELEMENTS--GENERAL INFORMATION
fixed length control field 070511s2007 xxk f 001 0 eng d
020 ## - INTERNATIONAL STANDARD BOOK NUMBER
International Standard Book Number 9781851128747
035 ## - SYSTEM CONTROL NUMBER
System control number (Sirsi) u138022
041 0# - LANGUAGE CODE
Language code of text/sound track or separate title eng
050 04 - LIBRARY OF CONGRESS CALL NUMBER
Classification number 692.21
110 1# - MAIN ENTRY--CORPORATE NAME
Corporate name or jurisdiction name as entry element United Kingdom
Subordinate unit Department for Communities and Local Government
9 (RLIN) 4939
245 00 - TITLE STATEMENT
Title Fire safety
Remainder of title risk assessment
-- supplementary guide
-- means of escape for disabled people
260 ## - PUBLICATION, DISTRIBUTION, ETC.
Place of publication, distribution, etc. London
Name of publisher, distributor, etc. DCLG
Date of publication, distribution, etc. 2007
300 ## - PHYSICAL DESCRIPTION
Extent 53p.
Dimensions 30cm.
350 ## - PRICE (NR) (BK AM CF MU VM SE) [OBSOLETE]
Price 5.00
520 ## - SUMMARY, ETC.
Summary, etc. Provides guidance on how organisations can ensure the safe evacuation of disabled people from their premises in cases of emergency. Stresses the need for both planning and communication. Advocates the formulation of Personal Emergency Escape Plans (PEEPs) for disabled staff and visitors. Deals with procedures for a variety of disabilities including mobility impairment, visual impairments, hearing impairments and cognitive disabilities.
651 #4 - SUBJECT ADDED ENTRY--GEOGRAPHIC NAME
Geographic name United Kingdom
Chronological subdivision
690 ## - LOCAL SUBJECT ADDED ENTRY--TOPICAL TERM (OCLC, RLIN)
Topical term or geographic name as entry element MANAGEMENT-HEALTH AND SAFETY-FIRE SAFETY-FIRE RISK ASSESSMENT
942 ## - ADDED ENTRY ELEMENTS (KOHA)
Suppress in OPAC 0
Holdings
Withdrawn status Lost status Source of classification or shelving scheme Damaged status Not for loan Home library Current library Shelving location Date acquired Total Checkouts Full call number Barcode Date last seen Copy number Price effective from Koha item type
    Dewey Decimal Classification     London London Books 20/08/2007   F692.21 30073921 06/08/2019 1 06/08/2019 Book